La democracia en América Latina: hacia una democracia de ciudadanas y ciudadanos. Contribuciones para el debate

Պահպանված է:
Մատենագիտական մանրամասներ
Համատեղ հեղինակ: Programa de las Naciones Unidas para el Desarrollo (Հեղինակ)
Ձևաչափ: Գիրք
Լեզու:իսպաներեն
Հրապարակվել է: Buenos Aires Alfaguara 2004
Հրատարակություն:1a. ed
Խորագրեր:
Ցուցիչներ: Ավելացրեք ցուցիչ
Չկան պիտակներ, Եղեք առաջինը, ով նշում է այս գրառումը!

MARC

LEADER 00000nam a2200000 a 4500
001 UCK3172
003 CL-VaPUC
005 20240522144315.0
008 050415e20040000AG |||||||||||||||||spa|d
999 |c 312439  |d 312437 
020 |a 9505119992 
040 |c Pontificia Universidad Católica de Valparaíso 
082 0 4 |a 321.8  |b PRO  |2 21 
110 2 |a Programa de las Naciones Unidas para el Desarrollo  |e author  |9 491165 
245 1 3 |a La democracia en América Latina: hacia una democracia de ciudadanas y ciudadanos. Contribuciones para el debate 
250 |a 1a. ed 
260 |a Buenos Aires  |b Alfaguara  |c 2004 
300 |a 487 p 
500 |a Incluye Cd-Rom 
583 |a last modification  |c 20050415 00:00:00  |k Rodrigo Vera 
650 0 |a Democracia  |9 255256 
650 7 |a FILOSOFIA POLITICA  |2 CL-VaPUC  |9 491167 
650 0 |a Participación social  |9 256140 
650 0 |a Derecho civil  |9 255013 
650 7 |a PROBLEMA SOCIALES  |2 CL-VaPUC  |9 491168 
651 0 |a América Latina   |9 255027 
942 |c BK  |2 ddc 
945 |d 20050415 00:00:00  |a cmena 
952 |0 0  |1 0  |4 0  |6 321_800000000000000_PRO_2004  |7 0  |8 A  |9 382821  |a BIBHIS  |b BIBHIS  |d 2019-11-21  |i 4173023  |o 321.8 PRO 2004  |p 4173023  |r 2025-01-20  |w 2019-11-21  |y BK  |k HIS 
952 |0 0  |1 0  |4 0  |6 321_800000000000000_PRO_2004  |7 0  |8 A  |9 382822  |a BIBEDU  |b BIBEDU  |d 2019-11-21  |i 4469860  |o 321.8 PRO 2004  |p 4469860  |r 2019-11-21  |w 2019-11-21  |y BK  |k EBA